Lokálna typológia rodinného správania na Slovensku
Ukazovatele rodinnej typológie. Rozloženie obcí SR podľa jednotlivých rodinných ukazovateľov. Typológia rodinného správania. Národné a konfesijné súvislosti rodinného správania.
Na minha lista:
| Autor principal: | |
|---|---|
| Outros Autores: | , |
| Formato: | Capítulo de Livro |
| Idioma: | eslovaco |
| Assuntos: | |
| Tags: |
Sem tags, seja o primeiro a adicionar uma tag!
|
MARC
| LEADER | 00000naa a2200000 4500 | ||
|---|---|---|---|
| 001 | r017291 | ||
| 005 | 20221205102747.6 | ||
| 041 | 0 | |a slo | |
| 044 | |a SK | ||
| 245 | 1 | 0 | |a Lokálna typológia rodinného správania na Slovensku |c P. Guráň, J. Filadelfiová, A. Ritomský |
| 520 | |a Ukazovatele rodinnej typológie. Rozloženie obcí SR podľa jednotlivých rodinných ukazovateľov. Typológia rodinného správania. Národné a konfesijné súvislosti rodinného správania. | ||
| 610 | 2 | 0 | |a rodina |
| 610 | 2 | 0 | |a Slovensko |
| 610 | 2 | 0 | |a obce |
| 610 | 2 | 0 | |a správanie |
| 610 | 2 | 0 | |a výskum sociologický |
| 610 | 2 | 0 | |a demografia |
| 610 | 2 | 0 | |a kultúra |
| 610 | 2 | 0 | |a cirkev |
| 100 | 1 | |a Guráň, P. | |
| 700 | 1 | |a Filadelfiová, Jarmila | |
| 700 | 1 | |a Ritomský, Alojz | |